Hilal July-2009 (Record no. 197602)
[ view plain ]
| 000 -LEADER | |
|---|---|
| fixed length control field | 00798 a2200181 4500 |
| 003 - CONTROL NUMBER IDENTIFIER | |
| control field | Nust |
| 005 - DATE AND TIME OF LATEST TRANSACTION | |
| control field | 20170207154430.0 |
| 040 ## - CATALOGING SOURCE | |
| Transcribing agency | Nust |
| 082 ## - DEWEY DECIMAL CLASSIFICATION NUMBER | |
| Classification number | 050 |
| 100 ## - MAIN ENTRY--PERSONAL NAME | |
| Personal name | Maj Gen Athar Abbas |
| 245 ## - TITLE STATEMENT | |
| Title | Hilal July-2009 |
| Statement of responsibility, etc. | Maj Gen Athar Abbas |
| 250 ## - EDITION STATEMENT | |
| Edition statement | 1, Vol 46 |
| 260 ## - PUBLICATION, DISTRIBUTION, ETC. | |
| Place of publication, distribution, etc. | Rawalpindi |
| Name of publisher, distributor, etc. | ISPR |
| Date of publication, distribution, etc. | 2009 |
| 300 ## - PHYSICAL DESCRIPTION | |
| Extent | Urdu 60 & English 40 p.; |
| 505 ## - FORMATTED CONTENTS NOTE | |
| Formatted contents note | Quaid and The Armed Forces (Page-4) Heroes Die Young (Page-5) Reverend Ghazis (Page-11) Food for Thought (Page-13) Pages from Military History (Page-16) Scourge of Terrorism (Page-19) Humour in Uniform (Page-27) View Point (Page-26) Travelogue and Adventure (Page-28) Book Corner (Page-29) Health Watch (Page-31) Miscellaneous (Page-6) Picture Gallery (Page-37) |
| 538 ## - SYSTEM DETAILS NOTE | |
| System details note | Almirah No.137 Shelf No.5 |
| 651 ## - SUBJECT ADDED ENTRY--GEOGRAPHIC NAME | |
| Geographic name | Pakistan Armed Forces Magazine |
| 942 ## - ADDED ENTRY ELEMENTS (KOHA) | |
| Koha item type | |
| Withdrawn status | Lost status | Source of classification or shelving scheme | Damaged status | Not for loan | Collection code | Permanent Location | Current Location | Date acquired | Total Checkouts | Full call number | Barcode | Date last seen | Price effective from | Koha item type |
|---|---|---|---|---|---|---|---|---|---|---|---|---|---|---|
| Military College of Signals (MCS) | Military College of Signals (MCS) | 12/12/2016 | 050 ABB | MCSP-32/31 | 12/08/2016 | 12/12/2016 | Book |
